Normal view
MARC view
- الله جل جلاله- الالهيات- الاسماء الحسنى
Entry Topical Term
001 - CONTROL NUMBER
- control field: 21105
003 - CONTROL NUMBER IDENTIFIER
- control field: JO-AjAnu
005 - DATE AND TIME OF LATEST TRANSACTION
- control field: 20230606073648.0
008 - FIXED-LENGTH DATA ELEMENTS
- fixed length control field: 230606|| aca||aabn | a|a d
040 ## - CATALOGING SOURCE
- Original cataloging agency: JO-AjAnu
- Transcribing agency: JO-AjAnu
150 ## - HEADING--TOPICAL TERM
- Topical term or geographic name entry element: الله جل جلاله- الالهيات- الاسماء الحسنى
670 ## - SOURCE DATA FOUND
- Source citation: Work cat.: (JO-AjAnu)10844: جمع وترتيب: عبد الجواد، أحمد, author 21104, الله جل جلاله إله واحد